|
|
|
|
| LEADER |
00000nam a2200000 a 4500 |
| 001 |
vtls001394724 |
| 003 |
SK-MaSNL |
| 005 |
20260301201816.0 |
| 008 |
240226s1998 xo a r eng |
| 015 |
|
|
|a SNBA2000/11-03908
|
| 020 |
|
|
|a 8088844290
|
| 035 |
|
|
|a SNK000349062
|
| 035 |
|
|
|a urn:nbn:sk:snk-amyeml
|
| 035 |
|
|
|a urn:nbn:sk:snk-am00cf37
|
| 035 |
|
|
|a E2657D84-6475-4633-B086-BA67F5D38447
|
| 040 |
|
|
|a SNK
|b slo
|c SNK
|e AACR2
|
| 041 |
0 |
|
|a eng
|
| 044 |
|
|
|a xo
|c SK
|
| 080 |
|
|
|a 811.111(075.3)
|2 2001
|
| 245 |
0 |
|
|a Criss Cross. Student's book
|b intermediate : angličtina pre stredné školy
|c Melanie Ellis ... [et al.]
|
| 260 |
|
|
|a [Bratislava]
|b Fraus
|c 1998
|
| 300 |
|
|
|a iv, 112 s.
|b fareb. fotogr., ilustr.
|c 28 cm
|
| 650 |
0 |
7 |
|a angličtina
|x učebnice stred. škôl
|2 SNK
|9 295856
|
| 655 |
|
7 |
|a učebnice stredných škôl
|2 SNKPH
|9 69323
|
| 700 |
1 |
|
|a Ellis, Melanie
|4 aut
|9 295857
|
| 700 |
1 |
|
|a Laidlaw, Caroline
|4 aut
|9 295858
|
| 700 |
1 |
|
|a Medgyes, Péter
|4 aut
|9 295859
|
| 700 |
1 |
|
|a Byrne, Donn
|4 aut
|9 582931
|
| 919 |
|
|
|a 80-88844-29-0
|
| 958 |
|
|
|a TL
|
| 958 |
|
|
|a UC
|
| 958 |
|
|
|a OND
|
| 999 |
|
|
|c 896347
|d 898277
|
| 952 |
|
|
|t P60, <03>, [BOOK], {603}
|a SNK
|b SNK
|y PREZ
|7 0
|p 17A0249122
|o snkSB 62190[3/1]
|i snkKSP 8590/2000
|0 0
|1 0
|4 0
|d 2000-08-23
|f 1
|l 0
|r 2025-04-11 00:00:00
|w 2026-02-24
|
| 952 |
|
|
|t P60, <04>, [BOOK], {604}
|a SNK
|b SNK
|y VYP
|7 0
|p 17A0382611
|o snkSB 62190/[3/1] D1
|i snkKSP 5531/2003
|0 0
|1 0
|4 0
|d 2003-05-06
|l 0
|r 2005-01-02 00:00:00
|w 2026-02-24
|